| 000 | 01323cam a2200277 i 4500 | ||
|---|---|---|---|
| 003 | SA-RiAUC | ||
| 005 | 20250729071844.0 | ||
| 008 | 250321s1992 su o f b 001r0 ara c | ||
| 040 |
_aSA-RiAUC _bara _cSA-RiAUC _erda |
||
| 043 | _aa-su--- | ||
| 082 | 0 | 4 | _a016.5 |
| 090 |
_a016.5 _bم ن ل |
||
| 100 | 1 |
_aمنلا، مصطفى عمار بن محمد. _eمؤلف. |
|
| 245 | 1 | 0 |
_aتراثنا المخطوط في العلوم التطبيقيةوالبحتة : _bفهرس تفصيلي لمخطوطات الرياضيات والعلوم التطبيقية في المكتبات العامة بالمدينة المنورة / _cإعداد مصطفي عمار منلا ؛ إشراف محمد هاشم رشيد. |
| 250 | _aالطبعة الأولى. | ||
| 264 | 1 |
_aالمدينة المنورة : _bنادي المدينة المنورة الأدبي، _c1992 |
|
| 300 |
_a634 صفحة : _bصور ملونة ؛ _c24 سم |
||
| 336 |
_aنص _btxt _2rdacontent _3كتاب |
||
| 337 |
_aبدون وسيط _bn _2rdamedia |
||
| 338 |
_aمجلد _bnc _2rdacarrier |
||
| 500 | _aكشافات : صفحة 585-603. | ||
| 650 | 7 |
_aالمخطوطات العربية _vفهارس _2aucsh |
|
| 700 | 1 |
_aرشيد، محمد هاشم، _d1349-1423 هجري _eمشرف. |
|
| 942 |
_2ddc _cBOOK _n0 |
||
| 949 |
_aSA-JeALM _d250321 _umohamedma123 _n1 |
||
| 999 |
_c6590 _d6590 |
||